Culturas y comunicaciones para la paz (Parte II)

En este artículo se ofrece la transcripción del texto de la ponencia "Culturas y comunicaciones para la paz en un país en reconstrucción", leída por Roxana Martel -profesora del departamento de Letras y Cominicaciones de la UCA- en el marco del Seminario "Comunicación y Cultura de Paz...

Полное описание

Сохранить в:
Библиографические подробности
Формат: Текст
Предметы:
Метки: Добавить метку
Нет меток, Требуется 1-ая метка записи!

MARC

LEADER 00000 a a2200000 04500
001 6509
003
040
245 |a Culturas y comunicaciones para la paz (Parte II)  
520 |a En este artículo se ofrece la transcripción del texto de la ponencia "Culturas y comunicaciones para la paz en un país en reconstrucción", leída por Roxana Martel -profesora del departamento de Letras y Cominicaciones de la UCA- en el marco del Seminario "Comunicación y Cultura de Paz" realizado en la Ciudad de Guatemala los días 21, 26 y 27 de junio de 2001. Entre los subtítulos del documento se encuentran: participación ciudadana, reconocimiento de la necesidad de gestionar el riesgo, reconstrucción desde lo local y dejemos abierto el diálogo. /MSD  
650 |a SEMINARIOS  
650 |a GOBIERNO LOCAL  
650 |a CULTURA  
650 |a PAZ  
650 |a PARTICIPACION SOCIAL  
773 |g volumen 22, número 964; páginas 13-15  
999 |c 32167  |d 32167